Emmerging currencies prečo meny rozvíjajúcich sa krajín?

Pád kurzu dolára a jeho hodnota oproti euru. Platobná bilancia a saldo verejných financií ako najzákladnejšie kritéria určovania kurzu meny. Investície v alternatívnych menách. Podiel emerging currencies na globálnych obchodoch s nástrojmi peňažného trhu. Ukazovateľ hodnoty peňažného trhu ETF (Excha...

Ausführliche Beschreibung

Gespeichert in:
Bibliographische Detailangaben
1. Verfasser: Baláž, Vladimír
Format: Buchkapitel
Sprache:Slowakisch
Schlagworte:
Tags: Tag hinzufügen
Keine Tags, Fügen Sie das erste Tag hinzu!

MARC

LEADER 00000naa$a2200000$$$4500
001 0111831
005 20231019091453.2
041 0 |a slo 
044 |a SK 
245 1 0 |a Emmerging currencies  |b prečo meny rozvíjajúcich sa krajín?  |c Vladimír Baláž 
520 |a Pád kurzu dolára a jeho hodnota oproti euru. Platobná bilancia a saldo verejných financií ako najzákladnejšie kritéria určovania kurzu meny. Investície v alternatívnych menách. Podiel emerging currencies na globálnych obchodoch s nástrojmi peňažného trhu. Ukazovateľ hodnoty peňažného trhu ETF (Exchange Trade Funds). Dôveryhodnosť nových ekonomických tigrov a očakávané zhodnocovanie ich mien. Výnosy a riziká. 
610 2 0 |a trh devízový 
610 2 0 |a bilancia platobná 
610 2 0 |a volatilita 
610 2 0 |a diverzifikácia 
610 2 0 |a stratégia investičná 
610 2 0 |a Čína 
610 2 0 |a Rusko 
610 2 0 |a Latinská Amerika 
610 2 0 |a India 
610 2 0 |a Mexiko 
610 2 0 |a Turecko 
610 2 0 |a kurz menový 
610 2 0 |a sadzby úrokové 
100 1 |a Baláž, Vladimír